000 00278 a2200145 4500
001 164576
020 _a
040 _cMagnum
100 _aCollodi, Carlos
240 1 0 _aPinoquio
_lpor
245 1 0 _aPinoquio
362 0 _a1899
697 _aI/FADAS, FANTASIA
942 _cBK
999 _c164576
_d164576